000 01835nam a2200553 i 4500
001 24873
003 KOSZ 005
005 20210528103928.0
008 980713s1996 pl a f f |000 0 pol
015 _aUWD 1997/3546
020 _a8390387859
035 _a991004755749705066
035 _a(PL-WaBN)b11253782-48omnis_nlop
035 _ab11253782
035 _a(OCoLC)803821417
035 _a(PL)b0000001125378
035 _a(EXLNZ-48OMNIS_NETWORK)9910107073805606
040 _aWA N
_cWA N
_dKOSZ 005/HR
046 _k1996
080 _a627.8
080 _a528.48
080 _a(075.8)
100 1 _aBryś, Henryk
_eAutor
245 1 0 _aGeodezyjne pomiary odkształceń i przemieszczeń zapór wodnych /
_cHenryk Bryś ; Politechnika Krakowska im. Tadeusza Kościuszki.
260 _aKraków :
_bPK,
_c1996
300 _a127 s. :
_bfot., rys. wykr. ;
_c24 cm.
336 _aTekst
_btxt
_2rdacontent
337 _aBez urządzenia pośredniczącego
_bn
_2rdamedia
338 _aWolumin
_bnc
_2rdacarrier
380 _aKsiążki
380 _aPublikacje dydaktycze
385 _mPoziom nauczania
_aSzkoły wyższe
388 _a1901-2000
388 _a1989-2000
504 _aBibliogr. s. 125-127.
521 _aSkrypt dla studentów wyższych szkół technicznych.
650 7 _aZapory wodne
_2DBN
650 7 _aHydrotechnika
650 7 _aGeodezja
650 7 _aPomiary
650 7 _aBezpieczeństwo
655 7 _aPodręczniki akademickie
_2DBN
658 _aGeografia i nauki o Ziemi
658 _aInżynieria i technika
710 2 _aWydawnictwo Politechniki Krakowskiej
_4pbl
856 _uhttp://koha.tu.koszalin.pl/cgi-bin/koha/opac-detail.pl?biblionumber=24873
_yKatalog online BPK
942 _2UKD
_cKS
999 _c24873
_d24873